LEADER 01119nam a22002531i 4500 001 991001217059707536 005 20031024095435.0 008 040407s1968 uik|||||||||||||||||eng 035 $ab12736636-39ule_inst 035 $aARCHE-071627$9ExL 040 $aDip.to Scienze Storiche$bita$cA.t.i. Arché s.c.r.l. Pandora Sicilia s.r.l. 082 04$a291.42 100 1 $aDodds, Eric Robertson$d<1893-1979>$0160127 245 10$aPagan and Christian in an age of anxiety :$bsome aspects of religious experience from Marcus Aurelius to Constantine /$cby E. R. Dodds 260 $aCambridge :$bat the University Press,$c1968 300 $aXII, 144 p. ;$c23 cm 500 $aNell'occhietto: The Wiles Lectures given at the Queen's University, Belfast, 1963 650 4$aReligiosità$ySec. 2.-4. 907 $a.b12736636$b02-04-14$c16-04-04 912 $a991001217059707536 945 $aLE009 STOR.43-24$g1$i2009000201576$lle009$o-$pE0.00$q-$rl$s- $t0$u3$v0$w3$x0$y.i13271830$z16-04-04 996 $aPagan and christian in an age of anxiety$922290 997 $aUNISALENTO 998 $ale009$b16-04-04$cm$da $e-$feng$guik$h0$i1 LEADER 02485nam 2200589Ia 450 001 9910783213903321 005 20230617033832.0 010 $a1-280-50994-5 010 $a9786610509942 010 $a1-84544-289-X 035 $a(CKB)1000000000032673 035 $a(EBL)233930 035 $a(OCoLC)171579558 035 $a(SSID)ssj0000674362 035 $a(PQKBManifestationID)11444351 035 $a(PQKBTitleCode)TC0000674362 035 $a(PQKBWorkID)10667846 035 $a(PQKB)11406917 035 $a(MiAaPQ)EBC233930 035 $a(Au-PeEL)EBL233930 035 $a(CaPaEBR)ebr10085661 035 $a(CaONFJC)MIL50994 035 $a(OCoLC)133164774 035 $a(EXLCZ)991000000000032673 100 $a20000815d2005 uy 0 101 0 $aeng 135 $aur|n|---||||| 181 $ctxt 182 $cc 183 $acr 200 02$aA multi-enterprise view of business activities$b[electronic resource] /$fGuest editor: Cengiz Kahraman 210 $aBradford, England $cEmerald Group Publishing$dc2005 215 $a1 online resource (109 p.) 225 0 $aJournal of enterprise information management ;$vv.18, no. 3 300 $aDescription based upon print version of record. 311 $a1-84544-128-1 327 $aCONTENTS; EDITORIAL REVIEW BOARD; Guest editorial; Multi-attribute information technology project selection using fuzzy axiomatic design; A study of enterprise human resource competence appraisement; Outsourcing logistics activities in Turkey; Supplier selection and management strategies and manufacturing flexibility; The role of logistics in linking operations and marketing and influences on business performance; Addressing uncertainty and inequality in nuclear policy 330 $aThis e-book looks at many business activities, with a multi-enterprise view. The examples of this include: Information technology is an important component of effective supply chain management. For many firms, selection of true IT provides a competitive advantage. 606 $aBusiness logistics 606 $aManagement information systems 615 0$aBusiness logistics. 615 0$aManagement information systems. 676 $a658.4 676 $a658.4038 701 $aKahraman$b Cengiz$0738471 801 0$bMiAaPQ 801 1$bMiAaPQ 801 2$bMiAaPQ 906 $aBOOK 912 $a9910783213903321 996 $aA multi-enterprise view of business activities$93679834 997 $aUNINA